European City to World Capital - Statistics

General Stats
  • This quiz has been taken 175 times
    171 since last reset
  • The average score is 16 of 27
Answer Stats
City CAPITAL Country % Correct
Manchester London United Kingdom
100%
Naples Rome Italy
99%
Valencia Madrid Spain
96%
Antwerp Brussels Belgium
94%
Toulouse Paris France
93%
Salzburg Vienna Austria
93%
Rotterdam Amsterdam Netherlands
89%
Rhodes Athens Greece
89%
Kraków Warsaw Poland
89%
Limerick Dublin Ireland
86%
Reyðarfjörður Reykjavik Iceland
81%
Split Zagreb Croatia
70%
Bergen Oslo Norway
69%
Aarhus Copenhagen Denmark
63%
Brno Prague Czech Republic
58%
Tampere Helsinki Finland
47%
Novi Sad Belgrade Serbia
45%
Plovdiv Sofia Bulgaria
43%
Maribor Ljubljana Slovenia
34%
Schaan Vaduz Liechtenstein
26%
Sintra Lisbon Portugal
23%
Liepaja Riga Latvia
22%
Kumanovo Skopje Macedonia
20%
Nikšić Podgorica Montenegro
19%
Prizren Pristina Kosovo
19%
Nitra Bratislava Slovakia
16%
Vlore Tirana Albania
15%
No matching quizzes found
Score Distribution
Percent of People with Each Score
Percentile by Number Answered
Your Score History
You have not taken this quiz since the last reset